Analýza výroby a tržieb
Analýza výroby. Charakteristika objemových ukazovateľov (výkony, výnosy, výroba, tržby), ktoré sa používajú pri kvantifikácii výstupov transformačného procesu firmy. Delenie objemových ukazovateľov na neredukované a redukované. Ukazovateľ pridaná hodnota. Vyjadrenie výroby vo výsledovke. Postup fakt...
Salvato in:
| Autore principale: | |
|---|---|
| Natura: | Capitolo di libro |
| Lingua: | slovacco |
| Soggetti: | |
| Tags: |
Nessun Tag, puoi essere il primo ad aggiungerne!!
|
MARC
| LEADER | 00000naa a2200000 4500 | ||
|---|---|---|---|
| 001 | r021289 | ||
| 005 | 20230912111230.2 | ||
| 041 | 0 | |a slo | |
| 044 | |a SK | ||
| 245 | 1 | 0 | |a Analýza výroby a tržieb |c Ľudmila Kalafutová |
| 520 | |a Analýza výroby. Charakteristika objemových ukazovateľov (výkony, výnosy, výroba, tržby), ktoré sa používajú pri kvantifikácii výstupov transformačného procesu firmy. Delenie objemových ukazovateľov na neredukované a redukované. Ukazovateľ pridaná hodnota. Vyjadrenie výroby vo výsledovke. Postup faktorovej analýzy. Analýza tržieb. Metóda reťazového dosadzovania. Vypovedacia schopnosť analýzy výroby a tržieb. Krátkodobá výsledovka. | ||
| 610 | 2 | 0 | |a rozbory činnosti hospodárskej |
| 610 | 2 | 0 | |a ukazovatele |
| 610 | 2 | 0 | |a výroba |
| 610 | 2 | 0 | |a tržby |
| 610 | 2 | 0 | |a výkony podnikové |
| 610 | 2 | 0 | |a analýza faktorová |
| 610 | 2 | 0 | |a výsledok hospodársky |
| 610 | 2 | 0 | |a výsledovka |
| 100 | 1 | |a Kalafutová, Ľudmila | |